00817nam a22002177a 4500999001900000005001700019010001500036020002600051035001400077037001300091082001100104100001900115245014900134260003700283270007100320300002000391700002300411700001900434942002500453952012100478 c164888d16488820190529150132.0 aENG-125387 a9788188569625c125.00 aEN-108919 bDBAD/PUB a410.92 aJois, Leena B. aFounders and guardians of the Asiatic society of Mumbai :cby Leela B.Jois [and] Purnima Srikrishna ; ed.by Aroon TikekarbJohn faithful fleet / aMumbaibIndus Source Booksc2014 aPO Box 6194, Malabar Hill PObMumbaie400006minfo@indussource.com a104pc22cm(pbk) aSrikrishna,Purnima aTikekar, Aroon 2ddccENh410.92mJOI 001040708NFICaBNbBNd2019-05-29eDBAD/PUBg125.00l0o410.92 JOIpEN-108919r2019-05-29 00:00:00t1v125.00yEN